| 000 | 00977cab a2200205 4500 | ||
|---|---|---|---|
| 001 | L136584 | ||
| 008 | 070209n2007 000 0 eng u | ||
| 035 | _a(Sirsi) u136584 | ||
| 041 | 0 | _aeng | |
| 110 | 2 |
_aHome Builders Federation _94896 |
|
| 245 | 0 | 0 |
_aHBF regional survey of house builders _b December 2006 |
| 260 | _c2007 | ||
| 490 | 0 | 0 |
_aHousing Market Report _v(176) January 2007, 6-11(6) |
| 520 | _aFinds that visitor numbers were slightly higher in December than a year ago, while net reservations continued to rise quite strongly. Housebuilders continued to lift new home prices, although they are also steadily increasing their use of sales incentives. The industry is very optimistic that it will increase sales in 2007 and that house prices will continue to rise. | ||
| 590 | _aKA | ||
| 650 | 2 | 4 | _aHBF REGIONAL SURVEY OF HOUSE BUILDERS |
| 651 | 4 |
_aEngland and Wales _y1543- |
|
| 690 | _aPROPERTY-RESIDENTIAL PROPERTY-RESIDENTIAL PROPERTY MARKET | ||
| 942 | _n0 | ||
| 999 |
_c78354 _d78354 |
||